Use of peanut in concentration feed for growing the broiler avian breed at royal university of agriculture, ការប្រើប្រាស់សណ្ដែកដីផ្សំជាចំណីទៅលើការលូតលាស់មាន់សាច់ពូជAVIAN នៅសាកលវិទ្យាល័យភូមិន្ទកសិកម្ម (Record no. 2056)

000 -LEADER
fixed length control field 00728nam a22001577a 4500
003 - CONTROL NUMBER IDENTIFIER
control field OSt
005 - DATE AND TIME OF LATEST TRANSACTION
control field 20151006150903.0
008 - FIXED-LENGTH DATA ELEMENTS--GENERAL INFORMATION
fixed length control field 151006b xxu||||| |||| 00| 0 eng d
040 ## - CATALOGING SOURCE
Transcribing agency RUA
082 ## - DEWEY DECIMAL CLASSIFICATION NUMBER
Classification number AVM HEN 2006 B076 Or.1
100 ## - MAIN ENTRY--PERSONAL NAME
9 (RLIN) 2185
Personal name HENG, RATHA.
245 ## - TITLE STATEMENT
Title Use of peanut in concentration feed for growing the broiler avian breed at royal university of agriculture, ការប្រើប្រាស់សណ្ដែកដីផ្សំជាចំណីទៅលើការលូតលាស់មាន់សាច់ពូជAVIAN នៅសាកលវិទ្យាល័យភូមិន្ទកសិកម្ម
260 ## - PUBLICATION, DISTRIBUTION, ETC. (IMPRINT)
Place of publication, distribution, etc. Phnom Penh
Name of publisher, distributor, etc. RUA
Date of publication, distribution, etc. 2006
300 ## - PHYSICAL DESCRIPTION
Extent 46p.
Other physical details ill.
Dimensions 29cm.
942 ## - ADDED ENTRY ELEMENTS (KOHA)
Source of classification or shelving scheme
Koha item type AVM
Holdings
Price effective from Date last seen Permanent Location Not for loan Date acquired Source of classification or shelving scheme Koha item type Lost status Withdrawn status Date last checked out Total Checkouts Shelving location Damaged status Barcode Current Location Full call number
2015-10-062017-11-03Library Block B 2015-10-06 AVM  2017-10-251B076 RUA007769Library Block BAVM HEN 2006 B076 Or.1
2015-10-062015-10-06Library Block B 2015-10-06 AVM    B076 RUA007697Library Block BAVM HEN 2006 B076 Or.2
2015-10-062015-10-06Library Block B 2015-10-06 AVM    B076 RUA008877Library Block BAVM HEN 2006 B076 Or.3
មជ្ឈមណ្ឌលឯការនៃសាកលវិទ្យាល័យភូមិន្ទកសិកម្មចំការដូង

Powered by Koha